Library Banner

بڈھا گوریو (Record no. 67985)

MARC details
000 -LEADER
fixed length control field 00463nam a22001577a 4500
005 - DATE AND TIME OF LATEST TRANSACTION
control field 20150317150632.0
008 - FIXED-LENGTH DATA ELEMENTS--GENERAL INFORMATION
fixed length control field 150317b xxu||||| |||| 00| 0 eng d
040 ## - CATALOGING SOURCE
Transcribing agency PK-LaUMT
082 ## - DEWEY DECIMAL CLASSIFICATION NUMBER
Classification number KHC 891.4393
Item number ONO-B
100 ## - MAIN ENTRY--PERSONAL NAME
Personal name اونورے و بالزاک
245 ## - TITLE STATEMENT
Title بڈھا گوریو
Statement of responsibility, etc اونورے و بالزاک
260 ## - PUBLICATION, DISTRIBUTION, ETC. (IMPRINT)
Place of publication, distribution, etc لاہور
Name of publisher, distributor, etc مکتبہ جدید
Date of publication, distribution, etc 1953
300 ## - PHYSICAL DESCRIPTION
Extent 422 ص
700 ## - ADDED ENTRY--PERSONAL NAME
Personal name سیدہ نسیم ھمدانی(مترجم
942 ## - ADDED ENTRY ELEMENTS (KOHA)
Koha item type Books
Holdings
Withdrawn status Lost status Damaged status Home library Current library Date acquired Full call number Barcode Date last seen Price effective from Koha item type
      UMT Main Campus UMT Main Campus 2015-03-17 KHC 891.4393 ONO-B 80123 2015-03-17 2015-03-17 Books